| 000 | 00496cam a2200193ua 4500 | ||
|---|---|---|---|
| 001 | 12202 | ||
| 005 | 20260515114840.0 | ||
| 008 | 200305n ii |||gr||||Z||||||eng | ||
| 020 | _a9780195672459 | ||
| 040 | _cMAIN | ||
| 082 | _a954 | ||
| 100 |
_aSatish Chandra, _eAuthor. |
||
| 245 |
_aEssays on medieval indian history _cBy Satish Chandra |
||
| 250 | _a1st pap ed. | ||
| 260 |
_aNew Delhi: _bOxford university press, _c2005. |
||
| 300 | _a549p. | ||
| 653 | _aSouth Asia India | ||
| 942 | _cBK | ||
| 999 |
_c10949 _d10949 |
||